Historia del papel en México : y cosas relacionadas : 1525-1950 /

Guardado en:
Detalles Bibliográficos
Autor principal: Lenz, Hans (autor)
Formato: Libro
Idioma:Español
Publicado: México : Miguel Angel Porrúa, 2001, c2001
Edición:2a edición
Temas:
Etiquetas: Agrega una etiqueta
Sin etiquetas, Sé el primero en etiquetar este registro!

MARC

LEADER 00000nam^a2200000^a^4500
001 000414227
005 20250521000000.0
009 20260310122227.763
020 |a 970-701-203-X 
037 |a Acervo ITESO - Biblioteca 
041 |a ESP 
082 |a 972.  |b LEN 
100 |a Lenz, Hans  |e (autor) 
245 1 0 |a Historia del papel en México :  |b y cosas relacionadas : 1525-1950 /  |c H. Lenz. 
250 |a 2a edición 
264 4 |a México :  |b Miguel Angel Porrúa,  |c 2001, c2001 
300 |a 798 p. 
336 |a texto  |b txt  |2 rdacontenido 
337 |a sin mediación  |b n  |2 rdamedio 
338 |a volumen  |b nc  |2 rdasoporte 
649 |a XX 
650 |a Papel -  |z México -  |x Historia -  |x Tema Principal 
650 |a Industria del Papel -  |z México -  |x Historia -  |x Tema Principal 
650 |a Arte Popular -  |z México 
650 |a Arte Mexicano -  |x Historia y Crítica 
650 |a México -  |x Historia 
910 |a Fondo General 
920 |a Impresos - Libros 
930 |a Colección General 
905 |a 101 
901 |a 0500312950  |b IT1  |c ACC  |i C164628  |u 20250521 
902 |a https://opac.biblio.iteso.mx/vufind/Record/000414227